| 000 | 01270nam a22003377a 4500 | ||
|---|---|---|---|
| 001 | 441 | ||
| 003 | FISKH | ||
| 005 | 20230421104425.0 | ||
| 008 | 230421b cb ||||| |||| 00| 0 eng d | ||
| 010 | _a 00712359 | ||
| 020 | _a0590929224 (pbk.) | ||
| 035 | _a(OCoLC)ocm45141684 | ||
| 040 |
_aHQB _cHQB _dOCL _dDLC _dFISKH _beng |
||
| 042 | _alccopycat | ||
| 043 | _an-us-va | ||
| 050 | 0 | 0 |
_aF234.W7 _bB67 2000 |
| 082 | 0 | 0 |
_a975.5/4252 _221 |
| 100 | 1 | _aBrenner, Barbara. | |
| 245 | 1 | 0 |
_aIf you lived in Williamsburg in colonial days / _cby Barbara Brenner ; illustrated by Jenny Williams. |
| 260 |
_aNew York : _bScholastic Inc., _c2000. |
||
| 300 |
_a79 p. : _bcol. ill., map ; _c19 x 23 cm. |
||
| 505 | _aO | ||
| 520 | _aMore than two hundred years ago, two thousand people lived in the town of Williamsburg, Virginia. This book tells you what it was like to grow up in colonial days, before there was a United States of America. | ||
| 521 | 8 |
_a850
_bLexile |
|
| 521 | 8 |
_aO
_bRaz-Plus |
|
| 651 | 0 |
_aWilliamsburg (Va.) _xSocial life and customs _vJuvenile literature. |
|
| 700 | 1 |
_aWilliams, Jenny, _d1939- |
|
| 906 |
_a7 _bcbc _ccopycat _d2 _encip _f20 _gy-gencatlg |
||
| 942 |
_2ddc _cBK _n0 |
||
| 999 |
_c441 _d441 |
||